Artificial intelligence, an MIT perspective / (Record no. 9779)

MARC details
000 -LEADER
fixed length control field 01015nam a2200265 4500
001 - CONTROL NUMBER
control field 3683363
005 - DATE AND TIME OF LATEST TRANSACTION
control field 20150609101401.0
008 - FIXED-LENGTH DATA ELEMENTS--GENERAL INFORMATION
fixed length control field 000
010 ## - LIBRARY OF CONGRESS CONTROL NUMBER
LC control number 78026640
020 ## - INTERNATIONAL STANDARD BOOK NUMBER
International Standard Book Number 0262230968 (v. 1)
040 ## - CATALOGING SOURCE
Original cataloging agency UOEL
Transcribing agency DLC
Modifying agency DLC
050 00 - LIBRARY OF CONGRESS CALL NUMBER
Classification number Q335
Item number .A7865
082 00 - DEWEY DECIMAL CLASSIFICATION NUMBER
Classification number 001.53/5
245 00 - TITLE STATEMENT
Title Artificial intelligence, an MIT perspective /
Statement of responsibility, etc edited by Patrick Henry Winston and Richard Henry Brown.
260 ## - PUBLICATION, DISTRIBUTION, ETC. (IMPRINT)
Place of publication, distribution, etc Cambridge, Mass. :
Name of publisher, distributor, etc MIT Press,
Date of publication, distribution, etc c1979.
300 ## - PHYSICAL DESCRIPTION
Extent 2 v. :
Other physical details ill. ;
Dimensions 24 cm.
440 #4 - SERIES STATEMENT/ADDED ENTRY--TITLE
Title The MIT Press series in artificial intelligence
504 ## - BIBLIOGRAPHY, ETC. NOTE
Bibliography, etc Includes bibliographies and index.
505 0# - FORMATTED CONTENTS NOTE
Formatted contents note v. 1. Expert problem solving, natural language understanding, intelligent computer coaches, representation and learning.--v. 2. Understanding vision, manipulation, computer design, symbol manipulation.
650 #0 - SUBJECT ADDED ENTRY--TOPICAL TERM
Topical term or geographic name as entry element Artificial intelligence.
700 1# - ADDED ENTRY--PERSONAL NAME
Personal name Winston, Patrick Henry.
Personal name Brown, Richard Henry.
906 ## - LOCAL DATA ELEMENT F, LDF (RLIN)
a 7
b cbc
c orignew
d 1
e ocip
f 19
g y-gencatlg
942 ## - ADDED ENTRY ELEMENTS (KOHA)
Source of classification or shelving scheme Library of Congress Classification
Item type Loan - Normal on open shelf
Holdings
Withdrawn status Lost status Source of classification or shelving scheme Damaged status Not for loan Home library Current library Shelving location Date acquired Total Checkouts Full call number Barcode Date last seen Copy number Price effective from Koha item type
    Library of Congress Classification     UOE Main Library UOE Main Library Open shelf 09/06/2015   Q335 .A7865 10046738 27/04/2026 10046738 09/06/2015 Loan - Normal on open shelf